| 000 | 00454nam a22001577a 4500 | ||
|---|---|---|---|
| 020 | _a9787300276076 | ||
| 082 |
_a306.2095 _bLUL |
||
| 100 | _aLulu, Li | ||
| 245 |
_aContemporary Chinese Society: Basic Systems and Daily Life _cLi Lulu and others |
||
| 260 |
_aBeijing: _bChina Renmin University Press; _c2020. |
||
| 300 | _a241p. | ||
| 563 | _aPB. | ||
| 650 |
_aPopulation of chinese _9132149 |
||
| 650 |
_aChinese society _9132150 |
||
| 942 |
_2ddc _cBK |
||
| 999 |
_c615419 _d615419 |
||